Lazio players since 2000 - Statistics

General Stats
  • This quiz has been taken 46 times
    41 since last reset
  • The average score is 86 of 244
Answer Stats
Ranking Player Positions Nationality Matches Goals Assists Periods % Correct
4 Sergej Milinković-Savić MF 267 57 45 2015-2023
96%
3 Ciro Immobile FW 270 169 38 2016-2024
93%
18 Goran Pandev MF, FW 159 48 14 2004-2009
93%
10 Luis Alberto MF, FW 242 47 61 2016-2024
93%
23 Miroslav Klose FW 139 55 20 2011-2016
93%
1 Ștefan Radu DF 349 5 10 2007-2023
93%
8 Adam Marušić DF 247 14 11 2017-2025
85%
7 Felipe Anderson MF, FW 251 45 41 2013-2017, 2021-2024
85%
2 Senad Lulić DF, MF, FW 282 28 38 2011-2021
85%
16 Thomas Strakosha GK 164 0 0 2016-2022
85%
26 Pedro MF, FW 131 24 9 2021-2025
81%
12 Angelo Peruzzi GK 192 0 0 2000-2007
78%
21 Antonio Candreva DF, MF, FW 151 41 24 2011-2016
78%
43 Felipe Caicedo MF, FW 105 28 6 2017-2021
78%
48 Ivan Provedel GK 97 0 0 2022-2025
78%
87 Alessandro Nesta DF 54 0 0 2000-2002
74%
111 Etrit Berisha GK 38 0 0 2013-2016
74%
28 Mattia Zaccagni MF, FW 126 28 18 2021-2025
74%
120 Pavel Nedvěd MF 31 8 6 2000-2001
74%
174 Valon Berisha MF, FW 11 0 0 2018-2020
74%
51 Alessio Romagnoli DF 95 4 0 2022-2025
70%
13 Danilo Cataldi MF 188 7 10 2014-2016, 2018-2024
70%
50 Fernando Muslera GK 96 0 0 2007-2011
70%
60 Matías Vecino MF, FW 83 10 4 2022-2025
70%
6 Stefano Mauri MF, FW 253 42 32 2005-2016
70%
9 Tommaso Rocchi MF, FW 243 82 25 2004-2013
70%
116 Boulaye Dia MF, FW 35 9 3 2024-2025
67%
180 Djavan Anderson DF, MF, FW 9 0 0 2019-2021
67%
49 Elseid Hysaj DF 96 2 4 2021-2025
67%
17 Federico Marchetti GK 161 0 0 2011-2017
67%
20 Lucas Leiva MF 155 2 6 2017-2022
67%
14 Manuel Lazzari DF 172 5 14 2019-2025
67%
69 Mattéo Guendouzi MF 70 3 6 2023-2025
67%
15 Patric DF 172 4 3 2015-2025
67%
105 Pepe Reina GK 44 0 1 2020-2022
67%
62 Aleksandar Kolarov DF 82 6 5 2007-2010
63%
88 Hernán Crespo FW 54 39 5 2000-2002
63%
31 Hernanes MF 118 33 14 2010-2014
63%
56 Joaquín Correa MF, FW 92 22 11 2018-2021
63%
38 Lucas Biglia MF 109 13 8 2013-2017
63%
11 Marco Parolo MF 211 27 11 2014-2021
63%
84 Mario Gila DF 57 1 0 2022-2025
63%
85 Nicolò Rovella MF 56 0 5 2023-2025
63%
70 Siniša Mihajlović DF 70 6 10 2000-2004
63%
81 Valentín Castellanos FW 64 14 6 2023-2025
63%
149 Christos Mandas GK 18 0 0 2023-2025
59%
55 Dejan Stanković MF 92 15 9 2000-2004
59%
24 Francesco Acerbi DF 135 9 4 2018-2022
59%
45 Giuseppe Favalli DF 102 1 1 2000-2004
59%
76 Gustav Isaksen FW 65 7 3 2023-2025
59%
138 Juan Sebastián Verón MF 22 3 6 2000-2001
59%
44 Mauro Zárate MF, FW 104 25 19 2008-2010, 2012-2013
59%
68 Jaap Stam DF 70 3 0 2001-2004
56%
75 Jordan Lukaku DF, MF 66 1 4 2016-2020
56%
52 Stefan de Vrij DF 95 8 4 2014-2018
56%
47 Stephan Lichtsteiner DF, MF 100 3 4 2008-2011
56%
40 Claudio López FW 106 29 26 2000-2004
52%
122 Daichi Kamada MF, FW 29 2 2 2023-2024
52%
39 Fernando Couto DF 107 7 0 2000-2005
52%
67 Giuseppe Pancaro DF 70 1 3 2000-2003
52%
36 Keita Baldé MF, FW 110 26 9 2013-2017
52%
134 Luca Marchegiani GK 23 0 0 2000-2003
52%
42 Luiz Felipe DF 106 2 3 2017-2022
52%
136 Nuno Tavares DF, MF 23 0 8 2024-2025
52%
35 Simone Inzaghi FW 111 20 8 2000-2006, 2008-2010
52%
112 Vedat Muriqi FW 38 1 0 2020-2022
52%
5 Cristian Ledesma MF 259 12 30 2006-2015
48%
82 Diego Simeone MF 62 10 7 2000-2003
48%
151 Djibril Cissé FW 18 1 5 2011-2012
48%
63 Lorik Cana DF, MF 82 4 1 2011-2015
48%
96 Luca Pellegrini DF 48 1 4 2022-2025
48%
139 Marcelo Salas FW 22 7 3 2000-2001
48%
25 Massimo Oddo DF 135 17 21 2002-2007
48%
164 Óscar López DF 14 0 1 2004-2005
48%
65 Paolo Negro DF 76 3 0 2000-2005
48%
90 Toma Bašić MF 54 1 2 2021-2023
48%
79 Wesley Hoedt DF 65 2 0 2015-2016, 2020-2021
48%
33 Cristian Brocchi MF 112 2 4 2008-2013
44%
57 Dušan Basta DF, MF 88 1 5 2014-2018
44%
144 Fisayo Dele-Bashiru MF, FW 20 3 1 2024-2025
44%
94 Nicolò Casale DF 51 1 1 2022-2025
44%
121 Tijjani Noslin MF, FW 30 2 2 2024-2025
44%
54 Abdoulay Konko DF, MF 92 1 3 2011-2016
41%
73 Bastos DF 68 6 0 2016-2021
41%
126 Juan Pablo Carrizo GK 25 0 0 2008-2009, 2011-2012
41%
83 Libor Kozák FW 58 10 2 2008-2009, 2010-2013
41%
162 Luka Romero MF, FW 14 1 0 2021-2023
41%
30 Ousmane Dabo MF 125 4 2 2003-2005, 2007-2010
41%
95 Paolo Di Canio FW 50 11 5 2004-2006
41%
91 Wallace DF 54 1 0 2016-2019
41%
27 Fabio Liverani MF 126 6 9 2001-2006
37%
145 Gaizka Mendieta MF 20 0 0 2001-2002
37%
29 Giuseppe Biava DF 125 6 1 2009-2014
37%
106 Jean-Daniel Akpa-Akpro DF, MF, FW 42 0 1 2020-2022
37%
131 Loum Tchaouna MF, FW 24 1 0 2024-2025
37%
97 Marco Ballotta GK 48 0 0 2005-2008
37%
146 Mark Bresciano MF 20 0 0 2010-2011
37%
147 Matteo Cancellieri DF, MF, FW 20 0 0 2022-2023
37%
99 Michaël Ciani DF 48 1 1 2012-2015
37%
143 Mohamed Fares DF, MF, FW 21 0 1 2020-2021
37%
64 Ogenyi Onazi MF 76 4 4 2011-2016
37%
61 Sergio Floccari FW 83 21 4 2009-2010, 2012-2014
37%
53 Stefano Fiore MF 95 17 16 2001-2004
37%
78 Valon Behrami DF, MF 65 4 2 2005-2008
37%
167 Albano Bizzarri GK 12 0 0 2011-2013
33%
148 Alessandro Matri FW 19 4 1 2015-2016
33%
32 Álvaro González MF 113 4 7 2010-2015
33%
34 André Dias DF 111 5 1 2009-2014
33%
80 Bernardo Corradi FW 64 19 7 2002-2004
33%
128 Brayan Perea FW 24 1 1 2013-2015
33%
208 Esteban González MF 3 0 0 2004-2005
33%
163 Marius Stankevičius DF, MF 14 0 0 2011-2013
33%
176 Martín Cáceres DF 10 1 0 2017-2019
33%
66 Matuzalém MF 75 2 2 2008-2012
33%
152 Nani MF, FW 18 3 1 2017-2018
33%
203 Pedro Neto MF, FW 4 0 0 2018-2019
33%
161 Samuel Gigot DF 15 2 0 2024-2025
33%
118 Alessandro Murgia MF 31 2 0 2016-2019
30%
124 Andreas Pereira MF, FW 26 1 2 2020-2021
30%
46 Christian Manfredini MF 100 5 1 2002-2003, 2004-2009
30%
165 Denis Vavro DF 13 0 0 2019-2022
30%
59 Guglielmo Stendardo DF 85 6 0 2005-2007, 2009-2011
30%
130 Jony DF, MF, FW 24 0 1 2019-2020
30%
127 Julio Ricardo Cruz FW 25 4 1 2009-2010
30%
92 Luis Pedro Cavanda DF, MF 53 1 1 2010-2015
30%
158 Ricardo Kishna MF, FW 16 2 0 2015-2017
30%
205 Alessandro Rossi FW 3 0 0 2016-2017
26%
171 Bobby Adekanye MF, FW 11 1 0 2019-2020
26%
37 Emílson Cribari DF 109 1 0 2005-2010
26%
41 Giuliano Giannichedda MF 106 1 2 2001-2005
26%
197 Hélder Postiga FW 5 0 0 2013-2014
26%
89 Igli Tare FW 54 4 4 2005-2008
26%
210 Joseph Minala MF 3 0 0 2013-2014
26%
102 Karel Poborský MF 46 5 9 2000-2002
26%
241 Luís Maximiano GK 1 0 0 2022-2023
26%
107 Maurício DF 40 0 0 2014-2015, 2017-2018
26%
135 Milan Badelj MF 23 1 0 2018-2019
26%
194 Reda Belahyane MF 6 0 0 2024-2025
26%
160 Rolando Bianchi FW 15 4 0 2007-2008
26%
243 Samir Handanović GK 1 0 0 2005-2006
26%
224 Silvio Proto GK 2 0 0 2018-2019
26%
110 David Rozehnal DF 38 0 0 2007-2009
22%
104 Dino Baggio MF 44 1 1 2000-2003
22%
159 Fabio Bazzani FW 15 3 0 2004-2005
22%
71 Gaby Mudingayi MF 69 1 4 2005-2008
22%
125 Gonzalo Escalante MF 25 0 1 2020-2022
22%
186 Guerino Gottardi DF, MF 8 0 0 2000-2003
22%
211 Jovane Cabral MF, FW 3 1 0 2021-2022
22%
192 Louis Saha FW 6 0 0 2012-2013
22%
114 Lucas Castromán MF, FW 37 4 4 2000-2003
22%
22 Luciano Zauri DF 139 4 5 2003-2007, 2011-2012
22%
156 Marcos Antônio MF 16 1 1 2022-2023
22%
173 Milan Biševac DF 11 1 0 2015-2016
22%
190 Sérgio Conceição MF 7 0 1 2003-2004
22%
103 Stephen Makinwa FW 45 3 3 2006-2010
22%
195 Thomas Hitzlsperger MF 6 1 0 2009-2010
22%
153 Anthony Šerić DF 17 0 0 2004-2005
19%
207 Bruno Jordão DF, MF, FW 3 0 0 2018-2019
19%
137 Bruno Pereirinha DF, MF 22 0 1 2012-2015
19%
58 César DF, MF 86 13 9 2001-2006
19%
200 Claudio De Sousa FW 4 1 0 2004-2005
19%
150 Cristiano Lombardi DF, MF, FW 18 1 0 2016-2017
19%
154 Diego Novaretti DF 16 0 0 2013-2015
19%
141 Edson Braafheid DF 21 0 1 2014-2016
19%
113 Fabio Firmani MF 37 3 1 2005-2007, 2009-2010
19%
172 Fabrizio Ravanelli FW 11 2 1 2000-2001
19%
74 Filip Đorđević FW 68 11 4 2014-2017
19%
169 Francesco Colonnese DF 12 0 0 2000-2002
19%
182 Gaetano Castrovilli MF, FW 9 0 0 2024-2025
19%
129 Giuseppe Sculli MF, FW 24 4 3 2010-2012
19%
237 Iván de la Peña MF 1 0 0 2001-2002
19%
93 Lionel Scaloni DF, MF 52 1 1 2007-2008, 2009-2013
19%
101 Lorenzo De Silvestri DF, MF 47 0 2 2006-2009
19%
220 Mamadou Tounkara FW 2 0 0 2013-2014, 2016-2017
19%
77 Modibo Diakité DF 65 2 1 2006-2012
19%
166 Raúl Moro MF, FW 13 0 1 2019-2022
19%
204 Ravel Morrison MF 4 0 0 2015-2016
19%
177 Riza Durmisi DF 10 0 1 2018-2019
19%
86 Roberto Baronio MF 55 0 2 2000-2001, 2006-2007, 2009-2010
19%
19 Sebastiano Siviglia DF 157 10 1 2004-2010
19%
187 Andrea Giallombardo DF 7 0 1 2005-2006
15%
188 Christian Keller MF 7 0 0 2005-2006
15%
229 Dimitrije Kamenović DF 1 0 0 2021-2022
15%
117 Ederson MF 34 3 1 2012-2015
15%
215 Eliseu DF, MF 2 0 0 2009-2010
15%
168 Enrico Chiesa FW 12 2 3 2002-2003
15%
209 Fabrizio Casazza GK 3 0 0 2004-2005
15%
233 Gaël Kakuta MF, FW 1 0 0 2013-2014
15%
238 Ivan Vargić GK 1 0 0 2016-2017
15%
142 Javier Garrido DF 21 0 1 2010-2012
15%
191 Juan Pablo Sorín DF, MF 6 0 0 2002-2003
15%
170 Leonardo Talamonti DF 12 1 0 2004-2005
15%
108 Manuel Belleri DF 39 2 2 2005-2006, 2008-2009
15%
98 Massimo Mutarelli MF 48 4 3 2006-2008
15%
202 Mateo Musacchio DF 4 0 0 2020-2021
15%
119 Matteo Sereni GK 31 0 0 2003-2006
15%
222 Moritz Leitner MF 2 0 0 2016-2017
15%
100 Mourad Meghni MF 48 0 1 2007-2010
15%
72 Pasquale Foggia MF, FW 69 4 7 2006-2007, 2008-2011
15%
184 Riccardo Bonetto DF, MF 9 0 0 2006-2007
15%
109 Roberto Muzzi FW 39 4 4 2003-2006
15%
178 Rômulo DF, MF, FW 10 0 1 2018-2019
15%
132 Santiago Gentiletti DF 24 1 0 2014-2016
15%
140 Simone Del Nero DF, FW 22 0 0 2007-2012
15%
115 Antonio Filippini DF, MF 35 2 4 2004-2005
11%
189 Darko Kovačević FW 7 0 0 2001-2002
11%
214 Davide Di Gennaro MF, FW 2 0 0 2017-2018
11%
123 Emanuele Filippini MF 28 0 3 2004-2005
11%
217 Emanuele Pesaresi DF 2 0 0 2000-2001
11%
185 Emiliano Alfaro FW 8 0 0 2011-2012
11%
218 Felice Evacuo FW 2 0 0 2001-2002
11%
198 Luca Crecco DF, MF 5 1 0 2012-2013, 2016-2017
11%
155 Luis Jiménez MF, FW 16 2 2 2006-2007
11%
221 Marco Bertini MF 2 0 0 2020-2021, 2022-2023
11%
212 Nicolò Armini DF 3 0 0 2018-2021
11%
223 Oliver Nielsen DF 2 0 0 2024-2025
11%
199 Roberto Delgado FW 5 0 1 2003-2005
11%
196 Tommaso Berni GK 6 0 0 2006-2007, 2009-2011
11%
225 Alberto Quadri MF 1 0 0 2006-2007
7%
226 Alessandro Tuia DF 1 0 0 2008-2009
7%
227 Alessio Luciani DF 1 0 0 2009-2010
7%
175 Anderson Lima DF, MF 10 0 0 2019-2020, 2021-2022
7%
206 Antonio Rozzi MF, FW 3 0 0 2011-2012
7%
228 Arijon Ibrahimović DF, MF, FW 1 0 0 2024-2025
7%
179 Attilio Lombardo MF 9 0 0 2000-2001
7%
133 Demetrio Albertini MF, FW 23 2 0 2003-2004
7%
230 Emanuele Berrettoni FW 1 0 0 2001-2002
7%
216 Emanuele Concetti GK 2 0 0 2002-2003
7%
231 Enrico Zampa MF 1 0 0 2011-2012
7%
201 Ettore Mendicino FW 4 0 0 2008-2009
7%
181 Fabio Vignaroli MF, FW 9 0 1 2007-2008
7%
219 Felice Piccolo DF 2 0 0 2005-2006
7%
232 Franjo Prce DF 1 0 0 2016-2017
7%
234 Giorgio Spizzichino 0 1 0 0 2016-2017
7%
235 Guido Guerrieri GK 1 0 0 2018-2019
7%
236 Ivan Artipoli DF 1 0 0 2007-2008
7%
239 Luan Capanni FW 1 0 0 2018-2019
7%
240 Luca Falbo DF 1 0 0 2019-2020
7%
183 Massimo Bonanni MF 9 0 0 2005-2006
7%
193 Matías Lequi DF 6 0 0 2004-2005
7%
157 Nikola Lazetić MF 16 0 1 2002-2003
7%
242 Paolo Orlandoni GK 1 0 0 2000-2001
7%
213 Riccardo Perpetuini DF, MF 3 0 0 2008-2010
7%
244 Simone Palombi FW 1 0 0 2017-2018
7%
No matching quizzes found
Score Distribution
Percent of People with Each Score
Percentile by Number Answered
Your Score History
You have not taken this quiz since the last reset